| 000 | 00716nam a22002172 4500 | ||
|---|---|---|---|
| 001 | 0000009205 | ||
| 005 | 20151217145847.0 | ||
| 008 | 080912s xx 000 0 eng d | ||
| 020 |
_a032414363x : _cKES 100 |
||
| 040 |
_aKABU _cKABU |
||
| 100 | 1 |
_aClauretie, Terrence M. _@0000160294 |
|
| 245 | 1 | 0 |
_aLearning real estate finance / _cTerrence M. Clauretie, G. Stacy Sirmans. |
| 260 |
_aMason, OH : _bSouth-Western, _c2001. |
||
| 300 | _axiv, 283 p. | ||
| 650 | 0 |
_aMorgage loans _zUnited States. _@0000160295 |
|
| 650 | 0 |
_aReal property _xFinance _zUnited States. _@0000160296 |
|
| 700 | 1 |
_aSirmans, G. Stacy. _@0000160297 |
|
| 908 | _a080912 | ||
| 950 | _@1 | ||
| 999 |
_c3390 _d3390 |
||